Loading...
| Science - Biology | 0 | 6 | 0 | 0 | 60 | 39 | 75.83 | 0 | 3 | 20.47 | 35.14 |
| History - European | 0 | 4 | 0 | 0 | 40 | 43 | 54.75 | 2 | 4 | 20.43 | 34.55 |
| Literature - European | 0 | 3 | 0 | 0 | 30 | 82 | 99.00 | 0 | 2 | 6.86 | 20.15 |
| History - Other | 0 | 3 | 0 | 0 | 30 | 67 | 78.00 | 0 | 2 | 9.77 | 20.00 |
| History - World | 0 | 2 | 0 | 1 | 20 | 47 | 74.50 | 0 | 1 | 7.38 | 12.89 |
| Geography/Current Events | 0 | 2 | 0 | 0 | 20 | 91 | 95.50 | 0 | 0 | 7.11 | 11.21 |
| Religion | 0 | 2 | 0 | 0 | 20 | 135 | 138.00 | 0 | 0 | 0.13 | 6.67 |
| Social Science | 0 | 2 | 1 | 0 | 15 | 67 | 78.50 | 0 | 0 | 5.36 | 10.40 |
| Literature - British | 0 | 1 | 0 | 0 | 10 | 66 | 66.00 | 0 | 1 | 4.77 | 7.27 |
| Fine Arts - Other | 0 | 1 | 0 | 0 | 10 | 93 | 93.00 | 0 | 0 | 3.57 | 4.55 |
| Philosophy | 0 | 1 | 1 | 1 | 5 | 130 | 130.00 | 0 | 0 | 0.00 | 0.91 |
| Literature - American | 0 | 0 | 1 | 0 | -5 | 0.00 | 0 | 0 | 0.00 | 0.00 |